Summer vacation / (Record no. 80)

MARC details
000 -LEADER
fixed length control field 01062nam a22003257a 4500
001 - CONTROL NUMBER
control field 80
003 - CONTROL NUMBER IDENTIFIER
control field FISKH
005 - DATE AND TIME OF LATEST TRANSACTION
control field 20230320103612.0
008 - FIXED-LENGTH DATA ELEMENTS--GENERAL INFORMATION
fixed length control field 230221b cb ||||| |||| 00| 0 eng d
010 ## - LIBRARY OF CONGRESS CONTROL NUMBER
LC control number 83080021
020 ## - INTERNATIONAL STANDARD BOOK NUMBER
International Standard Book Number 0307020452
020 ## - INTERNATIONAL STANDARD BOOK NUMBER
International Standard Book Number 0307602214 (lib. bdg.)
040 ## - CATALOGING SOURCE
Original cataloging agency DLC
Transcribing agency DLC
Modifying agency DLC
-- FISKH
Language of cataloging eng
042 ## - AUTHENTICATION CODE
Authentication code lcac
050 00 - LIBRARY OF CONGRESS CALL NUMBER
Classification number PZ7.K94905
Item number Su 1986
082 00 - DEWEY DECIMAL CLASSIFICATION NUMBER
Classification number 813
Edition number 19
100 1# - MAIN ENTRY--PERSONAL NAME
Personal name Kunhardt, Edith.
245 10 - TITLE STATEMENT
Title Summer vacation /
Statement of responsibility, etc. by Edith Kunhardt ; illustrated by Kathy Allert.
260 ## - PUBLICATION, DISTRIBUTION, ETC.
Place of publication, distribution, etc. New York :
Name of publisher, distributor, etc. Golden Press ;
Place of publication, distribution, etc. Racine, Wis. :
Name of publisher, distributor, etc. Western Pub. Co.,
Date of publication, distribution, etc. 1986
300 ## - PHYSICAL DESCRIPTION
Extent 24 p.
Other physical details col. ill. ;
Dimensions 20 cm.
440 #2 - SERIES STATEMENT/ADDED ENTRY--TITLE
Title A Little golden book
520 ## - SUMMARY, ETC.
Summary, etc. Although two friends miss each other while on vacation, they manage to have fun and share their experiences when they return home.
521 8# - TARGET AUDIENCE NOTE
Target audience note 400
Source Lexile
521 8# - TARGET AUDIENCE NOTE
Target audience note F
Source Raz-Plus
650 #1 - SUBJECT ADDED ENTRY--TOPICAL TERM
Topical term or geographic name entry element Vacations
General subdivision Fiction.
650 #1 - SUBJECT ADDED ENTRY--TOPICAL TERM
Topical term or geographic name entry element Friendship
General subdivision Fiction.
700 1# - ADDED ENTRY--PERSONAL NAME
Personal name Allert, Kathy,
Relator term ill.
906 ## - LOCAL DATA ELEMENT F, LDF (RLIN)
a 7
b cbc
c orignew
d 3
e opcn
f 19
g y-gencatlg
942 ## - ADDED ENTRY ELEMENTS (KOHA)
Source of classification or shelving scheme Dewey Decimal Classification
Koha item type Books
Suppress in OPAC No
Holdings
Withdrawn status Lost status Source of classification or shelving scheme Damaged status Not for loan Collection Home library Current library Shelving location Date acquired Total Checkouts Full call number Barcode Date last seen Date last checked out Price effective from Koha item type
    Dewey Decimal Classification     Juvenile Fiction Footprints International School Library Network Toul Kork Campus Footprints International School Library Network Toul Kork Campus TK Primary Library Room(4th Floor), Bookcase 1&2, Shelves 1-16, Dark Blue Books 02/21/2023 2 KUN 813 PZ7.K94905 su 1986 FISBK00213 05/16/2024 01/02/2024 02/21/2023 Books